00433nam a2200145Ia 4500008004100000020001800041082002100059100002100080245004100101250003100142260003100173300001000204440003800214650003500252120622s9999 xx 000 0 und d a84-206-8154-7 a338.9 T153e 1995 aTamames, Román aEstructura económica internacional a18a. ed. / Rev. y ampliada aMadrid : Alianza Editorial a435 p aAlianza Universidad ; Textos, 154 a1. ECONOMÍA INTERNACIONALÌ